| 000 | 01698cam a22004214i 4500 | ||
|---|---|---|---|
| 003 | PE-LiUPU | ||
| 005 | 20250731184108.0 | ||
| 008 | 150616s r 000 0 d | ||
| 035 | _a(Sirsi) a3437 | ||
| 040 |
_aPE-LiUPU _bspa _cPE-LiUPU _erda |
||
| 049 | _aPRUA | ||
| 082 | 0 | 4 |
_a869.508 _bR616p _221 |
| 100 | 1 |
_aRiva Agüero y Osma, José de la, _d1885-1944, _eautor. _95469 |
|
| 245 | 1 | 0 |
_aPrecursores de la Emancipación / _cJosé de la Riva-Agüero, Raúl Porras Barrenechea ; selección y prólogo de Manuel Mujica Gallo. |
| 264 | 1 |
_aLima : _bSantiago Valverde, _c1950. |
|
| 300 |
_a126 páginas ; _c17 centímetros. |
||
| 336 |
_atext _2rdacontent |
||
| 337 |
_aunmediated _2rdamedia |
||
| 338 |
_avolume _2rdacarrier |
||
| 490 | 0 |
_a(Autores peruanos ; _v6) |
|
| 505 | 0 | _aDon José Baquíjano y Carrillo / por José de la Riva-Agüero -- José Faustino Sánchez Carrión, el tribuno de la República peruana / por Raúl Porras Barrenechea. | |
| 526 | _aP145 | ||
| 526 | _aP127 | ||
| 526 | _aP97 | ||
| 526 | _aP14 | ||
| 526 | _aP07 | ||
| 600 | 1 | 8 |
_aBaquíjano y Carrillo, José, _d1751-1818 |
| 600 | 1 | 8 |
_aSánchez Carrión, José Faustino, _d1787-1825 |
| 650 | 2 | 8 |
_aBiografías históricas _zPerú _yEmancipación, 1808-1824. |
| 700 | 1 |
_aPorras Barrenechea, Raúl, _d1897-1960 _92264 |
|
| 700 | 1 |
_aMujica Gallo, Manuel _93326 _d1906-1972. |
|
| 700 | 1 |
_aScorza, Manuel, _d1928-1983. _93327 |
|
| 910 | _ajck | ||
| 942 |
_2ddc _cBK |
||
| 949 |
_a985.04 D35 _wDEWEY _c1 _i10875 _lCCODEBUL1 _mBUL _p00.00 _r0 _sY _tBOOK _u19930830 _xEDUCACION _0COMPRA _o.STAFF. Colección General |
||
| 999 |
_c42218 _d42218 |
||
| 980 |
_81 _gALBERTO SANCHEZ Responsable de Automatización |
||